Štíhly podnik - riešenie podporujúce rast konkurencieschopnosti

Koncept štíhleho podniku vyvinutý vo firme Toyota - koncept výrobného systému spoločnosti Toyota (Toyota Production System). Princíp a stavebné kamene štíhlej výroby. Zásadné zmeny pri zavádzaní štíhleho konceptu. Implementácia a stratégia zavádzania štíhlej výroby. Hodnotenie dosiahnutej úrovne ští...

Descripción completa

Guardado en:
Detalles Bibliográficos
Autor principal: Gregor, Milan
Formato: Capítulo de libro
Lenguaje:eslovaco
Materias:
Etiquetas: Agregar Etiqueta
Sin Etiquetas, Sea el primero en etiquetar este registro!

MARC

LEADER 00000naa$a2200000$$$4500
001 0024524
005 20231108132021.5
041 0 |a slo 
044 |a SK 
245 1 0 |a Štíhly podnik - riešenie podporujúce rast konkurencieschopnosti  |c Milan Gregor 
520 |a Koncept štíhleho podniku vyvinutý vo firme Toyota - koncept výrobného systému spoločnosti Toyota (Toyota Production System). Princíp a stavebné kamene štíhlej výroby. Zásadné zmeny pri zavádzaní štíhleho konceptu. Implementácia a stratégia zavádzania štíhlej výroby. Hodnotenie dosiahnutej úrovne štíhlej výroby - Lean Assessment. Projekt implementácie štíhlej výroby. Audity stavu a pokroku v zavádzaní štíhlej výroby na procesnej úrovni. 
610 2 0 |a podnik 
610 2 0 |a výroba štíhla 
610 2 0 |a konkurencieschopnosť 
610 2 0 |a systémy výrobné 
610 2 0 |a Toyota 
610 2 0 |a strata 
100 1 |a Gregor, Milan